000 004230000a22001810004500
003 MACL
005 20150909160831.0
008 150909b xxu||||| |||| 00| 0 eng d
040 _aMACL
_cMACL
041 _aEnglish
082 _a821/DUT
100 _aDutta, Nripendralal
_99674
245 _aRay Of Mind
260 _bShibani Prakashni
_c2007
_aKolkata
350 _a60
650 _aPoetry
_99675
942 _cBK
_k821
_2ddc
999 _c8555
_d8555